NCERT EXEMPLAR PROBLEMS- SOLUTIONS PHYSICS- XII (Record no. 8537)
[ view plain ]
| 000 -LEADER | |
|---|---|
| fixed length control field | 00338nam a22001097a 4500 |
| 020 ## - INTERNATIONAL STANDARD BOOK NUMBER | |
| ISBN | 978-93-27197-45-7 |
| 082 ## - DEWEY DECIMAL CLASSIFICATION NUMBER | |
| Classification number | 530 |
| Item number | SAJ/N |
| 100 ## - MAIN ENTRY--AUTHOR NAME | |
| Personal name | SAJEEVKUMAR |
| 245 ## - TITLE STATEMENT | |
| Title | NCERT EXEMPLAR PROBLEMS- SOLUTIONS PHYSICS- XII |
| 246 ## - VARYING FORM OF TITLE | |
| Title proper/short title | NCERT EXEMPLAR PROBLEMS- SOLUTIONS PHYSICS- XII |
| Remainder of title | NCERT EXEMPLAR PROBLEMS- SOLUTIONS PHYSICS- XII |
| 942 ## - ADDED ENTRY ELEMENTS (KOHA) | |
| Koha item type | Books |
| Withdrawn status | Lost status | Collection code | Home library | Current library | Shelving location | Date acquired | Source of acquisition | Cost, normal purchase price | Full call number | Accession Number | Koha item type |
|---|---|---|---|---|---|---|---|---|---|---|---|
| Reference | Main Library | Main Library | NEW SHELF WITH NEW ENTRY | 27/09/2023 | PURCHASED | 190.00 | 530 SAJ/N | 12907 | Books |